000 00373nam a22001217a 4500
082 _a200 THE
100 _aASMA ALTAF
_970704
245 _aTH-SOF-1059-PERSON RECOGNITION USING SIGNATURE FACIAL MANNERISM
260 _aIslamabad
_bNUST College of EME
_c2014
650 _a MS-CSE-10 MSTHESIS
_970287
700 _aSupervison DR. MUHAMMAD YOUNUS JAVED
_970339
942 _cCF
999 _c577606
_d577606